History Fundamental Building Technology / (Record no. 615708)

000 -LEADER
fixed length control field 00424nam a22001457a 4500
020 ## - INTERNATIONAL STANDARD BOOK NUMBER
Qualifying information PB.
040 ## - CATALOGING SOURCE
Transcribing agency FIZZA ISHAQ
082 ## - DEWEY DECIMAL CLASSIFICATION NUMBER
Classification number 690
Author Mark CHA
100 ## - MAIN ENTRY--PERSONAL NAME
Personal name Charlett, Andrew J.
9 (RLIN) 32227
245 ## - TITLE STATEMENT
Title History Fundamental Building Technology /
Statement of responsibility, etc. Andrew J. Charlett.
250 ## - EDITION STATEMENT
Edition statement 2ND ED , illustrated.
260 ## - PUBLICATION, DISTRIBUTION, ETC.
Place of publication, distribution, etc. NEW YORK:
Name of publisher, distributor, etc. Routledge, (Taylor & Francis Group)
Date of publication, distribution, etc. 2013.
300 ## - PHYSICAL DESCRIPTION
Extent 372 p. ;
Dimensions 24.5 x 19 cm
942 ## - ADDED ENTRY ELEMENTS (KOHA)
Source of classification or shelving scheme
Koha item type Book
Holdings
Withdrawn status Lost status Source of classification or shelving scheme Damaged status Not for loan Permanent Location Current Location Shelving location Date acquired Total Checkouts Full call number Barcode Date last seen Price effective from Koha item type
          NUST Baluchistan Campus (NBC) NUST Baluchistan Campus (NBC) General Stacks 12/29/2025   690 CHA Q-2109 12/29/2025 12/29/2025 Book
© 2023 Central Library, National University of Sciences and Technology. All Rights Reserved.